[Event "Sigeman & Co 07th"]
[Site "Malmo"]
[Date "1999.06.10"]
[Round "3"]
[White "Gelfand, Boris"]
[Black "Lautier, Joel"]
[Result "1-0"]
[WhiteElo "2691"]
[BlackElo "2613"]
[Annotator "Gelfand,B"]
[PlyCount "53"]
[EventDate "1999.06.??"]
[EventType "tourn"]
[EventRounds "9"]
[EventCountry "SWE"]
[EventCategory "14"]
[SourceTitle "CBM 072"]
[Source "ChessBase"]
[SourceDate "1999.10.01"]
[SourceVersion "1"]
[SourceVersionDate "1999.10.01"]
[SourceQuality "1"]

{[%mdl 1]} 1. d4 {Winants. Lutz.} d5 2. c4 c6 3. Nf3 Nf6 4. Nc3 e6 {Winants:
'La défense demi-slave ; le triangle b7-d5-f7 indique l'intention des Noirs de
jouer autour du pion d4, sur les cases blanches, mais présente aussi
l'invénient de laisser le Fc8 enfermé. C'est pourquoi les Blancs devront
bientôt tenir compte du coup libérateur e6-e5 ou de l'échange sur c4 et du
fianchetto en b7, après b7-b5.'} 5. e3 {Winants: 'Un coup tranquille où les
Blancs ne forment d'autre projet immédiat que d'achever leur développement
sans encombre.'} ({Une suite plus ambitieuse mais aussi plus risquée serait} 5.
Bg5 {Winants voyez la deuxième partie.}) 5... Nbd7 6. Qc2 {Winants: 'La
continuation favorite d'Anatoly Karpov.'} (6. Bd3 {Winants} dxc4 7. Bxc4 b5 {
etc. conduirait а la fameuse variante de Meran.}) 6... Bd6 {Winants: 'Faute de
pouvoir prendre en c4, avec gain de temps, les Noirs décident de regrouper
leurs forces autour du point e5.'} 7. Bd3 O-O 8. O-O h6 {Winants: 'Un coup
préventif destiné а soulager la pression sur h7 et empêcher le clouage du Cf6
par Fg5. Quelques variantes instructives :'} ({a)} 8... dxc4 {Winants} 9. Bxc4
e5 10. Bb3 $1 {les Noirs seront tôt ou tard contraints d'échanger en d4 et
donc de dégager la colonne -e- au bénéfice des Blancs.}) ({b)} 8... e5 {Winants
} 9. cxd5 cxd5 10. e4 $1 {L'ouverture des lignes s'effectue aux dépens des
pièces noires bloquées sur leurs cases initiales (Ta8, Fc8)}) (8... Qe7 {
Winants} 9. c5 Bc7 10. e4 dxe4 ({si} 10... e5 11. exd5 cxd5 12. Bg5 $1) 11.
Nxe4 Nd5 12. Bd2 Rd8 13. Rae1 {Le Fc8 reste enfermé derrière ses lignes}) (8...
b6 {Winants} 9. cxd5 exd5 (9... cxd5 10. Nb5) 10. e4 $1 dxe4 11. Nxe4 Qc7 12.
Bg5 {et les Noirs sont pris de vitesse.}) 9. b3 {Winants: 'Le renfort apporté
au Cf6 enlevait toute efficacité au coup e4 :'} ({si} 9. e4 {Winants} dxc4 10.
Bxc4 e5 {avec des chances partagées}) ({ou bien} 9. c5 {Winants} Bc7 10. e4 e5
$1 {etc.}) 9... b6 10. Bb2 ({Encore une variante importante :} 10. cxd5 {
Winants} exd5 11. e4 dxe4 12. Nxe4 Nxe4 13. Qxc6 ({si} 13. Bxe4 {alors} Bb7 {
suivi de Cf6.}) 13... Bb7 $3 14. Qxb7 Ndc5 $3 15. dxc5 Nxc5 {et les Noirs
récupèrent le matériel investi avec un jeu excellent.}) 10... Bb7 11. Rac1 {
'!?' Lutz. Lutz: 'Üblicherweise stellte man hier den Turm nach d1.' Winants:
'Une nouveauté'} (11. Rfd1 Qe7 (11... Rc8 12. e4 dxe4 13. Nxe4 Nxe4 14. Bxe4
Qe7 15. c5 Bb8 16. b4 Ba6 17. Ne5 Nf6 18. Bf3 Nd5 19. a3 Rfd8 20. g3 {'+/='
Lutz. Lutz: '0-1 Vyzmanavin,A-Galliamova Ivanchuk,A/Novgorod 1997/CBM 60 (73)'}
Bxe5 21. dxe5 bxc5 22. bxc5 Rb8 23. Bd4 Rd7 24. Be4 Qd8 {0-1 Vyzmanavin,
A-Galliamova Ivanchuk,A/RUS-Cup9 1997/CBM 60 (73)}) 12. Qe2 (12. cxd5 cxd5 13.
Nb5 Rfc8 14. Qe2 Bb8 15. Ba3 Qd8 16. Rac1 Rxc1 17. Rxc1 Ne8 18. g3 a6 19. Nc3
Bd6 20. Bxd6 Nxd6 {'=' Lutz. Lutz: '0-1 Topalov,V-Ivanchuk,V/Monte Carlo 1997/
CBM 57 ext (43)'} 21. Ne5 Rc8 {0-1 Topalov,V-Ivanchuk,V/Amber-rapid6th 1997/
CBM 57 ext (43)}) 12... Rfe8 13. cxd5 exd5 14. Ba6 Nf8 15. Rac1 Ng6 16. Bxb7
Qxb7 17. Rc2 Re6 18. Rdc1 {1/2-1/2 Gelfand,B-Lautier,J/Las Vegas USA 1999 (18)}
) (11. Rad1 Qc7 (11... Qe7 12. Rfe1 Rac8 13. e4 dxe4 14. Nxe4 Nxe4 15. Bxe4 Nf6
16. Bd3 Rfd8 17. Ne5 Qf8 18. Qe2 Bb4 19. Rf1 Ba3 20. Ba1 {1-0 Arlandi,E-Ortega,
L/ITA-chT f 1998/EXT 99 (59)} (20. Ba1 {Lutz} Rc7 21. Bb1 Be7 22. Qc2 g6 23.
Rfe1 Ne8 24. d5 $40 {1-0 Arlandi,E-Ortega,L/ITA 1998/EXT 99 (60)})) 12. e4 dxe4
13. Nxe4 Nxe4 14. Bxe4 Be7 (14... Rad8 15. c5 $2 (15. Rfe1) 15... Be7 16. b4
Ba6 17. Rfe1 Nf6 18. Ne5 Nxe4 19. Qxe4 Rd5 $15 {1/2-1/2 Gelfand,B-Lautier,J/
Las Vegas USA 1999 (44)}) 15. Rfe1 Rfe8 16. Qc3 Rad8 17. Bb1 Bf6 18. Ne5 c5 19.
Qc2 Nf8 20. f4 cxd4 21. Bxd4 Rd6 22. c5 bxc5 23. Qxc5 Qxc5 24. Bxc5 Rxd1 25.
Rxd1 a6 26. b4 $14 {1-0 Gelfand,B-Lautier,J/Las Vegas USA 1999 (65)}) (11. e4
dxe4 12. Nxe4 Nxe4 13. Bxe4 Nf6 (13... Qc7 14. Rfe1 Rfe8 15. Rad1 c5 16. Bxb7
Qxb7 17. dxc5 Bxc5 18. Re2 Be7 19. Red2 Rad8 20. a3 a5 {1-0 Kuzmin,A-Cosma,I/
Andorra op 1998 (44)}) 14. c5 {A-A Komarov,D-Beliavsky,A/Vrnjacka Banja 1998})
({au lieu de} 11. Rfd1 {Winants joué dans la partie Topalov-Ivanchuk du
tournoi de Monaco en 1997.}) 11... dxc4 $6 {'!?' Lutz. '?' Winants. Lutz:
'Schwarz möchte die Gelegenheit nutzen, um sich zu befreien, allerdings hat
Gelfand eine Überraschung in petto.' Winants: 'Joël Lautier espérait
manifestement prendre la Tc1 а contre-pied, mais il a sous-estimé la potentiel
des pions centraux.'} (11... Rc8 $142) (11... Qe7 {Winants}) ({ou} 11... Rc8 {
Winants valaient mieux.}) 12. bxc4 c5 13. d5 $1 {'!!' Winants.  Lutz: 'Ein
exzellentes Bauernopfer.' Winants: 'C'est justement ce coup, apparemment
impossible, qui fait basculer la partie en faveur des Blancs.'} exd5 (13... Ne5
14. Nxe5 Bxe5 15. e4) 14. Nxd5 Nxd5 15. cxd5 Bxd5 $2 (15... Qe7 16. e4 Ne5 $14
{/+/-}) 16. Rfd1 {Winants: 'Les Blancs menacent de gagner du matériel via 17.
Fe2 ou 17. Fh7+, de sorte que les Noirs n'ont d'autre ressource que d'échanger
en f3.'} Bxf3 {Lutz: 'Schwarz gibt seinen weißfeldrigen Läufer ab. Wegen der
ungedeckten Figuren auf der d-Linie ließ sich das aber auch kaum vermeiden.'} (
16... Nf6 17. Bxf6 (17. e4 c4 18. exd5 cxd3 19. Qxd3 $16 {Shipov Lutz: '/\
Nd4-c6'}) 17... Qxf6 18. Bh7+ Kh8 19. Rxd5 g6 20. Rcd1 Bc7 21. Rd7 Rac8 22.
Bxg6 Qxg6 (22... fxg6 {Lutz} 23. e4 $36) 23. Qc4 $16) (16... Kh8 {Lutz} 17. Be2
Nf6 18. Bxf6 gxf6 19. e4 Bc6 20. Qd2 Ba4 21. Qxd6 Bxd1 22. Rxd1 $16) 17. gxf3 {
'©' Lutz. Lutz: 'Weiß hat zwei drohende Läufer und Spiel auf der g-Linie. Die
beiden schwarzen Mehrbauern am Damenflügel fallen nicht ins Gewicht.' Winants:
'Voici en l'idée du sacrifice : les deux Fous sont braqués vers le roque et
une Tour fera bientôt son apparition en g1.'} Qc7 $6 {'?' Lutz. Lutz: 'Dieser
Zug erscheint mir eindeutig zu optimistisch. Es ist offensichtlich, dass sich
am schwarzen Königsflügel Unheil zuammenbraut, daher sollte Schwarz nicht auch
noch seine Dame abseits stellen.'} (17... Qe7 18. Bc4 (18. f4 {Lutz} Rad8 {
mit weißer Kompensation, aber Schwarz spielt noch.}) 18... Ne5 (18... Nf6 19.
Qf5 Rad8 20. Kh1) 19. Bd5 Rad8 20. Kh1 Kh8 21. f4 Ng4 22. Rg1 f5 23. Bf3 (23.
f3 Be5) 23... h5 24. h3 Qh4 25. Rg3) 18. Bc4 $1 {Winants: 'Menaçant déjà 19.
Dg6 !'} (18. f4 Be7) 18... Rad8 (18... Rfd8 19. f4 Nf8 20. Qf5) (18... Be7 19.
Rxd7 Qxd7 20. Qg6) (18... Be5 {Winants était malheureusement réfuté par} 19.
Rxd7) ({et après} 18... Ne5 {Winants} 19. Bd5 Rad8 20. f4 {le Cavalier devrait
rebrousser chemin.}) 19. f4 {Lutz: 'Jetzt setzen sich die weißen Läufer in
Szene. Die Drohung ist 20.Qg6.'} (19. Qf5 $5 Be5 (19... Be7 20. Rxd7) 20. Rxd7
Bxh2+ 21. Kg2 Rxd7 22. Qg4 g5 23. Qh5 (23. Qf5 $5 Rd6 24. Rh1) 23... Rd6 (23...
Kh7 24. Rh1 $18) 24. Qxh2) ({Pas encore} 19. Qg6 {Winants} {а cause de} Be5)
19... Kh8 20. Qf5 {Lutz: '... und nun droht 21.Bd3.' Winants: 'On ne pourrait
trouver de meilleur exemple pour illustrer l'avantage des deux Fous : les
Noirs réussiront sans doute а réduire la force du Fb2 via f6, mais dès ce coup
sera joué alors le Fou de cases blanches pourra s'en donner а coeur joie sur
la diagonale b1-h7. La menace immédiate est 21. Fd3 suivi du mat.'} f6 (20...
Be7 21. Bd3) 21. Kh1 {'!' Lutz. Lutz: 'Verhindert ...g6 und bereitet den
Aufmarsch der Türm auf der g-Linie vor.' Winants: 'Dernier préparatif'} (21.
Bd3 {Lutz} g6 $5 (21... g6 {Winants} 22. Qxg6 $4 Rg8)) 21... Rfe8 {Winants:
'Pour reculer le Cavalier en f8.'} 22. Rg1 Re7 {Winants: 'Il fallait empêcher
le sacrifice de Tour en g7.'} ({Si} 22... b5 {Winants} 23. Rxg7 $3 Kxg7 24.
Rg1+ Kh8 (24... Kf8 25. Rg8+ Ke7 26. Qe6#) 25. Bxf6+ Nxf6 26. Qxf6+ Kh7 27.
Bd3+ Re4 28. Bxe4#) ({Ou bien} 22... Nf8 {Winants} 23. Rxg7 Qxg7 24. Bxf6 {
et les Blancs gagnent.}) 23. Rg6 $6 {Winants: 'Tout simplement : les Blancs
projettent notamment de tripler les pièces lourdes sur la colonne ouverte (Tg6,
Tcg1 et Dg4).'} (23. Bd3 Qb7+ 24. Rg2 Nf8 25. Bxf6 gxf6 (25... Rf7 26. Be4 Qd7
27. Rxg7 Rxg7 28. Rg1) 26. Qxf6+ Rg7 27. Rcg1 Rdd7) (23. Rg2 $1 $18) 23... Nf8
$2 {Lutz: 'Erlaubt den sofortigen Gewinn, allerdings kann Schwarz auch sonst
nicht viel gegen die Drohung Rcg1 und Qh5 tun:' Winants: 'Ceci perd sur le
champ, mais il n'y avait plus de remède.'} (23... b5 $1 24. Bd3 (24. Bd5 c4 (
24... Rf8 25. Rcg1 c4 26. Qh5) (24... Nb6 25. Rxh6+) 25. Bxf6 (25. Be4 {-24.Bd3
}) (25. Rcg1 c3) 25... Nxf6 26. Rxh6+ gxh6 27. Qxf6+ Rg7 (27... Kh7 28. Rg1)
28. Qxh6+ Rh7 29. Qf6+ Rg7 30. Rg1 $6 Qe7) 24... c4 (24... Nf8 {Winants} 25.
Rxh6+ gxh6 (25... Kg8 26. Qd5+ Ne6 27. Bf5 Rde8 28. Rg1) 26. Qxf6+ Rg7 27. Rg1
Rdd7 28. Qxh6+ Kg8 29. Bxg7 Rxg7 30. Rxg7+ Qxg7 31. Qxd6 {et les Blancs
restent avec deux pions de plus.}) 25. Be4 (25. Bb1 Qb7+) (25. Rg2 Nf8 (25...
cxd3 26. Rxc7 Bxc7 27. Qxd3) 26. Bb1 (26. Bxf6 Ba3 (26... gxf6 27. Qxf6+ Rg7
28. Qxh6+ Kg8 29. Rcg1 Rdd7 30. Be4)) 26... Qb7 $13 {Speelman} (26... Qc5 27.
Qxf6)) 25... b4 (25... Rde8 26. Rxh6+ gxh6 27. Bxf6+ Nxf6 28. Qxf6+ Rg7 29.
Qxh6+ Rh7 30. Bxh7 Qxh7 31. Qxd6 Qe4+ 32. Kg1 Rg8+ 33. Kf1) 26. Rxh6+ gxh6 27.
Bxf6+ Nxf6 28. Qxf6+ Rg7 29. Qxh6+ Rh7 30. Bxh7 (30. Qf6+ Rg7 31. Rg1 Bf8)
30... Qg7 31. Qxg7+ Kxg7 32. Be4 c3 33. Rd1 $16) (23... Qc6+ 24. Bd5 Qb5 25.
Bxf6 (25. Ba1 {Lutz} c4 26. Rcg1 Rf8 27. Qh5 $18) 25... Nxf6 26. Rxh6+ gxh6 27.
Qxf6+ Kh7 28. Be4+ Rxe4 29. Rg1 $18) 24. Rxh6+ {'+-' Lutz. '!!' Winants.
Winants: 'Le couronnement d'une partie admirablement jouée.'} gxh6 25. Bxf6+ (
25. Rg1) 25... Rg7 26. Bxg7+ Qxg7 27. Rg1 {Winants: 'et les Noirs
abandonnèrent.'} 1-0

[Event "Hoogovens"]
[Site "Wijk aan Zee"]
[Date "1996.01.26"]
[Round "11"]
[White "Sokolov, Ivan"]
[Black "Piket, Jeroen"]
[Result "0-1"]
[WhiteElo "2665"]
[BlackElo "2570"]
[Annotator "Giese"]
[PlyCount "86"]
[EventDate "1996.01.13"]
[EventType "tourn"]
[EventRounds "13"]
[EventCountry "NED"]
[EventCategory "17"]
[SourceTitle "CBM 051"]
[Source "ChessBase"]
[SourceDate "1996.04.01"]
[SourceVersion "1"]
[SourceVersionDate "1996.04.01"]
[SourceQuality "1"]

1. d4 d5 2. c4 c6 3. Nf3 Nf6 4. Nc3 e6 5. e3 Nbd7 6. Qc2 Bd6 7. Bd3 O-O 8. O-O
dxc4 9. Bxc4 e5 10. Bb3 Qc7 11. h3 b6 12. Ng5 Ba6 13. Re1 Rae8 14. Bd2 h6 15.
Nge4 Re7 16. Rac1 exd4 17. exd4 Rfe8 18. Nxd6 Qxd6 19. Red1 Qxd4 20. Bxh6 Qh4 {
[%cal Yh4h6]} (20... gxh6 $4 21. Qg6+ Kf8 22. Qxh6+ Kg8 23. Rxd4 $18) 21. Be3
Ne5 22. Rd4 Qh5 $132 23. Rcd1 Bc8 24. Rf4 Ng6 25. Rxf6 gxf6 26. Rd6 Bf5 27. Qd2
Bxh3 28. gxh3 Qxh3 29. Rxc6 Nf4 30. Bd5 Kh8 31. Rc8 Nxd5 32. Nxd5 Qg4+ 33. Kf1
Qxc8 34. Qd4 Qh3+ 35. Ke2 Rxe3+ 36. fxe3 Qg2+ 37. Kd3 Qg6+ 38. Kc3 Kg7 39. Kb3
Re4 40. Qd2 Qg5 41. a3 Re5 42. Nf4 Qg3 43. Ka2 Qxe3 0-1

[Event "St Petersburg op"]
[Site "St Petersburg"]
[Date "1994.??.??"]
[Round "4"]
[White "Kiriakov, Petr"]
[Black "Akopian, Vladimir Eduardovic"]
[Result "0-1"]
[WhiteElo "2470"]
[BlackElo "2605"]
[Annotator "Glatman,V"]
[PlyCount "118"]
[EventDate "1994.02.??"]
[EventType "swiss"]
[EventRounds "9"]
[EventCountry "RUS"]
[SourceTitle "CBM 041"]
[Source "ChessBase"]
[SourceDate "1994.08.01"]
[SourceVersion "1"]
[SourceVersionDate "1994.08.01"]
[SourceQuality "1"]

1. d4 d5 2. c4 c6 3. Nf3 Nf6 4. e3 e6 5. Bd3 Nbd7 6. O-O Bd6 7. Nc3 O-O 8. e4
dxc4 9. Bxc4 e5 10. Bg5 Qe7 (10... h6 11. Bh4 Qe7 12. Re1 Nb6 13. Bb3 Bg4 14.
h3 Bxf3 15. Qxf3 {Gligoric,S-Pachman,L/Budapest/1948/}) 11. d5 (11. Re1 Nb6 12.
Bb3 Bg4 13. h3 Bxf3 14. Qxf3 Nbd7 15. d5 Rfd8 16. dxc6 bxc6 17. Ne2 $14 {
Vidmar,M-Milic,B/JUG/1947/}) 11... Nb6 (11... h6 12. dxc6 bxc6 13. Bh4 Rd8 14.
Qc2 Nf8 15. Bg3 $14 {Bertok,M-Minev,N/GER/1960/}) 12. Bb3 h6 $5 $146 (12... Bg4
13. h3 Bh5 14. dxc6 bxc6 15. g4 Bg6 16. Nh4 $14 {Janowski,D-Chigorin,M/
Budapest/1896/}) 13. Bh4 Rd8 (13... cxd5 14. Bxd5 $5 g5 15. Bg3 Nbxd5 16. Nxd5
Nxd5 17. exd5 {/\Re1,Qd3,Rad1+/=/}) 14. dxc6 bxc6 15. Qc2 Bg4 16. Nd2 g5 17.
Bg3 Bc5 18. Rfe1 $1 h5 19. h3 h4 20. Bh2 Bh5 21. Nf1 Rd7 (21... g4 $6 22. Ne3
gxh3 23. Nf5 Qf8 24. gxh3) 22. Qc1 $1 Ne8 23. Ne3 Bxe3 24. Qxe3 Rad8 25. f3 $16
Kg7 (25... Rd3 26. Qf2 Rd2 27. Re2) 26. Red1 f6 27. Kh1 Nc7 28. Bg1 Bf7 (28...
Ne6 $5) 29. Rxd7 Rxd7 30. Na4 $1 Bxb3 31. Qxb3 Nxa4 32. Qxa4 Nb5 33. Qc4 Nd4
34. Rc1 (34. Bxd4 exd4 35. Qxc6 d3 36. Rd1 d2 37. Qc3 Qd6 $13) 34... Rd6 35.
Be3 Qd7 36. Kh2 Ne6 37. Rc3 Nd4 38. Ra3 Qb7 (38... Ne6 39. Qa6 $18) 39. b4 (39.
b3 $5) 39... Rd7 40. Ra5 $5 (40. Rc3 $5) 40... Nb5 41. Bc5 Qa8 42. Qe6 Rf7 (
42... Qb7 43. a4 Nd4 44. Qxd7+ Qxd7 45. Rxa7 $18) 43. Ra6 (43. a4 $1 Nd4 (43...
Nc7 44. Rxa7 (44. Qb3 $1 a6 (44... Ne8 45. Qxf7+ $1) 45. b5 Qb7 46. b6) 44...
Nxe6 45. Rxa8 Nxc5 46. bxc5 Rb7 $16) 44. Qxf7+ Kxf7 45. Rxa7+ $18) 43... Qd8 (
43... Nc7 44. Qxc6) 44. Qxc6 (44. Rxc6 Nd4 45. Bxd4 Qxd4 $13) 44... Qd3 45. Qd5
$6 (45. Ra5 $1 Nd4 46. Bxd4 Qxd4 47. Qc5 Rd7 48. Ra3 $16) 45... Nd4 46. Rd6
Nxf3+ $8 47. gxf3 Qe2+ 48. Kg1 Qe1+ 49. Kg2 Qg3+ 50. Kf1 Qxh3+ (50... Qxf3+ 51.
Ke1) 51. Ke2 Qg2+ 52. Ke3 (52. Bf2 h3 53. Rd7 Rxd7 54. Qxd7+ Kh6 55. Qf7 h2 56.
Qxf6+ $10) 52... Qg1+ 53. Kd2 (53. Ke2 Qg2+ $10) 53... Qg2+ 54. Ke3 Qg1+ 55.
Kd2 Qg2+ 56. Kc1 Qxf3 57. Rd7 Qf1+ 58. Kb2 Qg2+ 59. Ka3 $4 (59. Qd2 Qxe4 $13) (
59. Kc1 $10) 59... Qh3+ 0-1

[Event "ISR-ch op"]
[Site "Tel Aviv"]
[Date "1999.03.29"]
[Round "2"]
[White "Golod, Vitali"]
[Black "Karp, Michael"]
[Result "1-0"]
[WhiteElo "2554"]
[BlackElo "2305"]
[Annotator "Golod,V"]
[PlyCount "95"]
[EventDate "1999.03.28"]
[EventType "swiss"]
[EventRounds "9"]
[EventCountry "ISR"]
[SourceTitle "CBM 071"]
[Source "ChessBase"]
[SourceDate "1999.08.01"]
[SourceVersion "1"]
[SourceVersionDate "1999.08.01"]
[SourceQuality "1"]

1. d4 d5 2. c4 c6 3. Nf3 Nf6 4. Nc3 e6 5. e3 Nbd7 6. Qc2 Bd6 7. Bd3 Qe7 8. O-O
O-O $6 (8... dxc4 $5 {Is the main line.}) 9. c5 Bc7 10. e4 $1 $14 {[%mdl 4]}
dxe4 (10... e5 $2 {(Kramnik,V)} 11. exd5 cxd5 12. Re1 e4 $140 $2 13. Nxd5 $1
Nxd5 14. Bxe4 $18 {[%csl Rd5,Ge1,Ge4,Re7]}) 11. Nxe4 Nxe4 $5 ({Other options
is:} 11... h6 {-see comments to Dautov,R-Shirov,A/Germany,1996/GER-chT(1/2-1/2)
(Dautov)(26)}) ({and} 11... Nd5 {-see comments to Kramnik,V-Dreev,A/Linares,
1997/Inf 69/396(1-0)(Kramnik,V)(66)}) 12. Bxe4 h6 (12... Nf6 $2 {(Dautov,R)}
13. Bg5 h6 14. Bh4 $16) 13. Re1 (13. Bd2 $5 {(Malakhatko,V)} e5 $140 $2 14.
Rfe1 Qf6 15. Bc3 Re8 16. Re3 $1 $16) 13... Nf6 $5 (13... Rd8 $143 14. Bd2 Nf6
$5 (14... Nf8 $6 {(Malakhatko,V)} 15. Qc1 $1 Qf6 (15... Bd7 16. Bf4 $16) 16. g3
Ng6 17. h4 $1 (17. Bxg6 $6 Qxf3 $1 18. Be4 Qf6 $14) 17... Bd7 18. h5 Ne7 19.
Ne5 $16) 15. Bd3 a5 16. a3 Bd7 17. b4 b6 18. Bc3 $14 {Belichev,N-Kelly,B/
Tallinn,1997/CBM 59(1-0)(62)}) 14. Bd3 $5 (14. a4 $5 {/\Ra3,Ne5,Rg3-> See
comments to Levin,F-Bagirov,V/Weilburg,1996/Inf 68/387(1-0)(Bagirov,V)(40)})
14... Rd8 $5 {Besides,black has several options:} (14... b6 $5 15. Bd2 $5 $14 (
15. cxb6 $6 Bxb6 $140 16. Qxc6 $2 Bb7 $36)) (14... Bd7 15. Bd2 b6 16. b4 bxc5
17. bxc5 Rfd8 18. Reb1 Rab8 19. Qa4 $14 {1-0 Arlandi,E-Scotti,U/Porto San
Giorgio 1997/CBM 59 ext (25)}) ({and} 14... Nd5 $6 15. Bd2 Qf6 16. Ne5 Nf4 17.
Bxf4 Qxf4 18. Re4 Qg5 19. Rae1 Bd8 20. h4 Qe7 21. b4 $16 {1-0 Topalov,
V-Rodriguez,M/Tenerife 1997/EXT 98 (24)}) 15. Rb1 $5 ({Also can be recommended:
} 15. Bd2 $5 Bd7 (15... Rd5 $143 16. Bc4 Rh5 17. h3 Nd5 18. Qe4 Qf6 19. Bd3 Rf5
20. Ne5 $16 {1-0 Shipov,S-Novgorodskij,V/St.Petersburg 1997/CBM 62/[Lutz] (28)}
) 16. a3 Be8 17. Re2 Nd5 18. Rae1 Nf4 19. Bxf4 Bxf4 20. Bc4 $14 {1-0 Ibragimov,
I-Sveshnikov,E/St. Petersburg 1998/CBM 67 noVC (50)}) 15... Bd7 $5 $146 (15...
a5 $5 16. a3 a4 17. Bd2 b6 18. cxb6 Bxb6 19. Bb4 Qa7 20. Rbd1 $14 {1-0 Norri,
J-Issakainen,A/Heart of Finland op 1997/EXT 99 (54)}) 16. b4 $5 Nd5 {with the
idea Bf4 or Nf4} 17. Bd2 $6 ({Better is:} 17. g3 {><f4}) 17... Bf4 18. Rb3 $5 {
[%csl Gb3][%cal Gb3h3]} Be8 19. g3 $5 {(><f4;e5)} Bxd2 20. Qxd2 b5 ({In my
opinion slightly better is:} 20... Rab8 $5 {/\b6 and a5}) 21. a4 $1 $14 bxa4 ({
Worse is:} 21... a6 {in view of:} 22. Ra3 {+/=/+/-}) 22. Ra3 Qf6 ({More
stubborn resistance:} 22... f6 $5) 23. Kg2 Nc7 $5 {[%csl Yc7][%cal Ga7a6,Yc7a6]
} 24. Rxa4 a6 25. Re4 $1 Nb5 26. Bc4 Ra7 27. Qe3 (27. Ne5 $5) 27... Bd7 28. Ne5
Be8 29. h4 $5 {[%cal Yh4g5]} Nc7 30. Ra3 $5 {White's plan is:Qe1,Rf3 with
attack} (30. Rf4 $6 Qe7 $140 31. Rxf7 $4 Bxf7 32. Nxc6 Qd7 $19 {[%csl Ra4]})
30... Rb8 31. Qe1 {[%cal Ga3f3]} ({After:} 31. Rf4 Qe7 32. Rxf7 $2 {is refuted
by:} Bxf7 33. Nxc6 Qe8 34. Nxa7 Rxb4 $13 {[%csl Ra7]}) 31... Nd5 32. Nd3 Nc7
$138 33. Rf4 Qe7 34. Rg4 f5 $6 ({More earnestly:} 34... Rd8 $5) ({Loses:} 34...
Nd5 $4 {because of:} 35. Qe5 {[%csl Rb8,Rg7]} f5 (35... Nf6 36. Rxg7+ Kxg7 37.
Qxb8 $18) 36. Rxg7+ Qxg7 37. Qxb8 $18) 35. Rf4 Nb5 $4 {Gross blunder,it is
necessary:} (35... Nd5 $5 36. Bxd5 cxd5 37. Qe5 $14) 36. Qxe6+ ({Also good
enough:} 36. Ra1 $5 Bf7 37. Ne5 $16) 36... Bf7 $2 {Again blunder:} (36... Qxe6
$142 37. Bxe6+ Bf7 38. Bxf7+ Rxf7 39. Rxa6 g5 40. hxg5 hxg5 41. Rf3 Nxd4 42.
Re3 $16) 37. Qxe7 Rxe7 38. Bxb5 $1 (38. Bxf7+ $2 Rxf7 39. Rxa6 g5 {-36...Qe6})
38... axb5 (38... Bd5+ $143 39. Kh2 axb5 40. Rxf5 $18) 39. Rxf5 Bd5+ 40. Rxd5
$1 {[%mdl 512] After this positional sacrifice I have a winning position.} ({
Another alternative is:} 40. Kh2 $5) 40... cxd5 41. Ne5 $18 {[%csl Gb4,Rb5,Gc5,
Gd4,Rd5,Ge5,Gf2,Gg3,Rg7,Gh4,Rh6]} Ree8 {[%cal Gb8a8]} 42. Ra5 {[%csl Rb5]} Ra8
(42... h5 $142 43. f4 $18) 43. Rxb5 Ra2 44. c6 Rf8 45. c7 Raxf2+ ({Also loses:
} 45... Rfxf2+ 46. Kh3 h5 (46... Rac2 47. Rc5 $18) (46... Rf8 47. Ng6 $18 {
[%csl Gc7,Rg8][%cal Gg6e7,Ye7c8]}) 47. c8=Q+ Kh7 48. Nf3 Rxf3 49. Rxd5 $18) 46.
Kh3 Rc2 (46... Rc8 $144 47. Rb8 Rff8 48. Nd7 Rfe8 49. b5 Kf7 50. Rxc8 Rxc8 51.
b6 $18) 47. Rc5 $1 (47. Ng6 $2 Re8 48. Rc5 $1 Rxc5 49. dxc5 d4 $8 $16) 47...
Rxc5 48. dxc5 (48. dxc5 Rc8 $8 49. b5 Rxc7 50. c6 Re7 51. b6 Rxe5 52. b7 $18 {
[%csl Gb7,Gc6]}) 1-0